000 00481nam a2200181Ia 4500
001 2965
005 20260306144846.0
008 260306t2000||||xx |||||||||||||| ||spa||
041 _aESP
082 _aS 236.09
_bM19
100 _aMálaga Nuñez-Zeballos, Alejandro
_eAUT
245 0 _aHistoria de la Virgen Candelaria en el obispado de Arequipa s. xvi-xx
260 _c2000
300 _a135 páginas :
_c20 cm.
650 _aGEN
654 _aCHU
942 _cLIB
_dJUS
_fJUS
_2ddc
_n
999 _c2965
_d2965